00427nam a22001577a 450000500170000000800410001704000070005804100120006508200210007710000170009824500590011526000370017430000260021165000130023770000190025020230106130857.0230106b ||||| |||| 00| 0 eng d cAL aEnglish 223a305.56bAMBW aB R Ambedkar aWhat Congress and Gandhi have Done to the Untouchables aBombaybThacker and Co Ltdc1945 a369 p.bHBc22x14 cm. aGandhism aAMBEDKAR (B R)